| 000 | 01127nam a2200277 c 4500 | ||
|---|---|---|---|
| 999 |
_c342857 _d342857 |
||
| 003 | BLK | ||
| 005 | 20200424130433.0 | ||
| 008 | 180911b bul|||||r ||||||| ||bul|| | ||
| 010 | _a002518 | ||
| 040 | _aBLK | ||
| 041 |
_aBUL _cBUL |
||
| 080 |
_aМакедонски, Стефан _x92 _z792.5.071.2(092)92 |
||
| 100 | 1 |
_aТИХОЛОВ, Петко _eпърви автор _9396855 |
|
| 245 | 0 | 0 | _aСтефан Македонски |
| 246 | _aЖивот и дейност | ||
| 260 |
_aСофия _bНаука и изкуство _c1956 |
||
| 300 |
_a184 с., 23 л _bпортр. _c20 см |
||
| 380 | _a7 | ||
| 490 |
_aЧастна колекция - Академик Михаил Арнаудов _gДарение - Основен фонд |
||
| 500 | _aАвтограф с текст: На големия наш учен Михаил Арнаудов в знак на уважение. П. Тихолов 5. V. 57 (Датирането от М. Арнаудов); | ||
| 650 |
_aБиографии _9148657 |
||
| 655 |
_aбългарско изкуство _9396216 |
||
| 700 | 1 |
_aПетко Тихолов _9397968 |
|
| 852 |
_aМА 1249 _bМА |
||
| 942 |
_cKNG _n0 _s1 |
||
| 944 |
_aCR _c1996 _kValK |
||
| 999 | _d342857 | ||
| 999 | _d342857 | ||